00606nam a2200193Ia 450000500170000000800410001702000180005804100120007608200130008810000210010124501180012226000360024030000200027644000440029665000230034065000190036365000140038270000160039620260429111854.0260429s9999||||xx |||||||||||||| ||und|| a9781800623651 aEnglish a910bLIU aLiutikas, Darius 0aReligious tourism and globalization : bthe search for identity and transformative experience / cDarius Liutikas aUnited Kingdom : bCABI,c2024. axii, 206 p.; hb aReligious tourism and pilgrimage series a Religious tourism a Sacred places aGeography a Raj, Razaq